Todos los equipos que enfrentó Racing Club por Copa Sudamericana - Estadísticas

Estadísticas generales
  • Esta prueba ha sido intentada 22 veces
  • La puntuación promedio es 10 de 17
Estadísticas de respuestas
País Equipo % Correcto
Brasil Corinthians
100%
Brasil Cruzeiro
100%
Argentina River Plate
88%
Argentina San Lorenzo
88%
Chile Coquimbo Unido
63%
Argentina Lanús
63%
Brasil Atlético Paranaense
56%
Chile Huachipato
56%
Paraguay Libertad
56%
Brasil Bragantino
50%
Argentina Colón de Santa Fé
50%
Uruguay River Plate
50%
Perú Melgar
44%
Paraguay Sportivo Luqueño
38%
Brasil Cuiabá
31%
Colombia Independiente Medellín
25%
Colombia Rionegro Águilas
13%
No se encontraron pruebas coincidentes
Distribución de puntuación
Porcentaje de gente con cada puntuación
Porcentaje por número respondido
Historial de tus puntuaciones
No has intentado esta prueba.